000 00641nam a22002177a 4500
003 UA-OsUOA
001 74984
007 ta
008 20110427b un ||||| |||| 00| 0 ukr d
100 _aГнатюк М.
090 _a82
_bГ56
942 _cSA
040 _aUA-OsUOA
_bukr
_cUA-OsUOA
_dUA-OsUOA
245 _aПосол духовної України. Іван Франко, Георг Брандес, Бйорнстьєрне Бйорнсон та інші...
300 _aС.11
955 _a0
041 _aukr
080 _a82
773 0 _w74982
650 7 _a82 Література. Літературознавство
_2UDC
999 _c361278
_d361278